How to survive in a scale-up business : (Record no. 24347)

MARC details
000 -LEADER
fixed length control field 01642nam a22002057a 4500
020 ## - INTERNATIONAL STANDARD BOOK NUMBER
ISBN 9781041214779
041 ## - LANGUAGE CODE
Language code of text/sound track or separate title English
082 ## - DEWEY DECIMAL CLASSIFICATION NUMBER
Classification number 658.022
Item number MUR
100 ## - MAIN ENTRY--AUTHOR NAME
Author name Murali, Vidya
245 ## - TITLE STATEMENT
Title How to survive in a scale-up business :
Sub Title master the human skills needed to thrive in young, high-growth businesses/
Statement of responsibility, etc Vidya Murali
250 ## - EDITION STATEMENT
Edition statement Indian ed.
260 ## - PUBLICATION, DISTRIBUTION, ETC. (IMPRINT)
Place of publication New York :
Name of publisher Routledge ,
Year of publication 2026.
300 ## - PHYSICAL DESCRIPTION
Number of Pages xii, 154 p. ;
Dimensions 22 cm.
504 ## - BIBLIOGRAPHY, ETC. NOTE
Bibliography, etc includes index and bibliographical references.
505 ## - FORMATTED CONTENTS NOTE
Formatted contents note Part 1: Introduction -- 1. Why I wrote this book -- 2. Who this is book for -- 3. How to read this book -- Part 2: Scale-ups: Understand the space -- 4. What scale-ups are -- 5. Why scale-ups are important -- 6. Are scale-ups the right place for you? -- 7. What makes scale-ups particularly challenging to work in -- Part 3: Learn to navigate scale-ups like a pro -- 8. How to find and land the right job in the right scale-up -- 9. What to do in your first 90 days -- 10. How to manage common challenging/toxic patterns that stop you from thriving -- 11. Special note for founders/co-founders -- Part 4: Learn from real-life stories -- 12. Stories of struggles -- 13. Stories of thriving -- Part 5: Let’s focus on YOU -- 14. How to thrive when you are different: Introverts, HSPs, minorities, people with ADHD or dyslexia -- 15. How to navigate job loss -- 16. How to navigate a mental health breakdown -- 17. How to re(build) your emotional capacity -- 18. Conclusion: How to turn your insights into practice.
650 ## - SUBJECT ADDED ENTRY--TOPICAL TERM
Subject Business
Form subdivision Human skills
650 ## - SUBJECT ADDED ENTRY--TOPICAL TERM
Subject Growth
Form subdivision Business
942 ## - ADDED ENTRY ELEMENTS (KOHA)
Source of classification or shelving scheme Dewey Decimal Classification
Koha item type Books
Holdings
Withdrawn status Lost status Source of classification or shelving scheme Damaged status Not for loan Home library Current library Shelving location Date acquired Source of acquisition Cost, normal purchase price Bill Date Full call number Accession Number Price effective from Koha item type
    Dewey Decimal Classification     Institute of Public Enterprise, Library Institute of Public Enterprise, Library S Campus 05/19/2026 Feel Books 955.00 11-05-2025 658.022 MUR 51072 05/19/2026 Books

Maintained and Designed by
2cqr automation private limited, Chennai. All Rights Reserved.

You are Visitor Number

PHP Hits Count